Markets (Record no. 83646)

MARC details
000 -LEADER
fixed length control field 01375cab a22002175a 4500
001 - CONTROL NUMBER
control field L154516
008 - FIXED-LENGTH DATA ELEMENTS--GENERAL INFORMATION
fixed length control field 111220e2011 xxk 000 0 eng d
035 ## - SYSTEM CONTROL NUMBER
System control number (Sirsi) u154516
041 0# - LANGUAGE CODE
Language code of text/sound track or separate title eng
100 1# - MAIN ENTRY--PERSONAL NAME
Personal name Hatcher, David
245 00 - TITLE STATEMENT
Title Markets
Remainder of title leisure
260 ## - PUBLICATION, DISTRIBUTION, ETC.
Date of publication, distribution, etc. 2011
490 #0 - SERIES STATEMENT
Series statement Property Week
Volume/sequential designation 16 December 2011, 43-50(4)
520 ## - SUMMARY, ETC.
Summary, etc. X-leisure Unit Trust is to raise £200m of equity early next year to buy out unit-holders Area, and Capital & Regional. Drake & Morgan plan to open two new bars in high-profile schemes in London in 2012. The reasons why MCC have scrapped Almacantar's plans to develop four residential towers overlooking Lord's cricket ground. LandSecs wants to buy more leisure schemes after its August sectoral debut in the sector. Savill's 2011 Leisure Investment Review shows market due to transact at a higher volume than any year since 2007. Curzon Cinemas wants to expand outside London over the next five years. Steakhouses and premium burger outlets continue to proliferate nationally."Artisan" coffee shops expand in London to compete with chains.
590 ## - LOCAL NOTE (RLIN)
Local note KA
651 #4 - SUBJECT ADDED ENTRY--GEOGRAPHIC NAME
Geographic name United Kingdom
Chronological subdivision
690 ## - LOCAL SUBJECT ADDED ENTRY--TOPICAL TERM (OCLC, RLIN)
Topical term or geographic name as entry element PROPERTY-COMMERCIAL PROPERTY-COMMERCIAL PROPERTY FINANCE AND INVESTMENT
690 ## - LOCAL SUBJECT ADDED ENTRY--TOPICAL TERM (OCLC, RLIN)
Topical term or geographic name as entry element PROPERTY-COMMERCIAL PROPERTY-LEISURE PROPERTY
690 ## - LOCAL SUBJECT ADDED ENTRY--TOPICAL TERM (OCLC, RLIN)
Topical term or geographic name as entry element PROPERTY-COMMERCIAL PROPERTY-COMMERCIAL PROPERTY MARKET
942 ## - ADDED ENTRY ELEMENTS (KOHA)
Suppress in OPAC 0
Holdings
Withdrawn status Lost status Source of classification or shelving scheme Damaged status Not for loan Home library Current library Shelving location Date acquired Total Checkouts Full call number Barcode Date last seen Copy number Price effective from Koha item type
    Dewey Decimal Classification     London London Journal article 18/12/2011   L154516 154516-1001 06/08/2019 1 06/08/2019 Journal article